000 01478nam a2200409 i 4500
001 7014
003 KOSZ 005
005 20211115124702.0
008 950808s1994 pl f f |000 0 pol
020 _a8390185318
040 _cKOSZ 005
_aKOSZ 005
_dKOSZ 005/HR
041 0 _apol
046 _k1994
080 _a338.47
080 _a656.61
080 _a(075.8)
245 1 0 _aEkonomika i organizacja transportu morskiego :
_bpraca zbiorowa.
_nCz. 1,
_pOrganizacja transportu morskiego /
_c[aut. poszczeg. rozdz. Jerzy Kubicki, Marek Julkowski, Ilona Urbanyi-Popiołek ; pod red. Jerzego Kubickiego].
246 3 0 _aOrganizacja transportu morskiego
250 _a[Wyd. 2].
260 _aGdynia :
_bWydaw. Uczelniane WSM - Wyższej Szkoły Morskiej,
_c1994.
300 _a159 s., [1] k. tabl. ;
_c21 cm.
380 _aKsiążki
380 _aPublikacje dydaktyczne
385 _mPoziom nauczania
_aSzkoły wyższe
388 _a1901-2000
388 _a1989-2000
504 _aBibliogr. s. 157-159.
650 4 _aTransport morski
650 4 _aEkonomika transportu
655 4 _aPodręczniki akademickie
658 _aTransport i logistyka
700 1 _aJułkowski, Marek
_eAutor
700 1 _aKubicki, Jerzy
_c(ekonomista)
_eAutor
_eRedakcja
700 1 _aUrbanyi-Popiołek, Ilona
_eAutor
856 _uhttp://koha.tu.koszalin.pl/cgi-bin/koha/opac-detail.pl?biblionumber=7014
_yKatalog online BPK
942 _cKS
_2UKD
999 _c7014
_d7014